Philosophie de l'Esprit (Record no. 65234)

MARC details
000 -LEADER
campo de control de longitud fija 00675nam a2200205 i 4500
001 - NÚMERO DE CONTROL
campo de control 65234
003 - IDENTIFICADOR DE NÚMERO DE CONTROL
campo de control ES-MaACL
005 - FECHA Y HORA DE LA ÚLTIMA TRANSACCIÓN
campo de control 20230906165327.0
007 - CAMPO FIJO DE DESCRIPCIÓN FÍSICA--INFORMACIÓN GENERAL
campo de control de longitud fija t|
008 - DATOS DE LONGITUD FIJA--INFORMACIÓN GENERAL
campo de control de longitud fija 040109s1937 sp ||||1| spa d
100 1# - ENTRADA PRINCIPAL--NOMBRE DE PERSONA
Nombre de persona Frank, Simón.
9 (RLIN) 52314
245 10 - MENCIÓN DEL TÍTULO
Título Philosophie de l'Esprit
Resto del título : la connaissance et l'etre /
Mención de responsabilidad, etc. por Simón Frank ; traduit du russe par Kaffi Oldenbourg et Tedotoff.
260 ## - PUBLICACIÓN, DISTRIBUCIÓN, ETC.
Lugar de publicación, distribución, etc. París :
Nombre del editor, distribuidor, etc. [s.n.,
Fecha de publicación, distribución, etc. 1937] (
Lugar de fabricación/manufactura Liguge :
Fabricante E. Aubin et Fils)
300 ## - DESCRIPCIÓN FÍSICA
Extensión 320 p. ;
Dimensiones 23 cm.
650 ## - PUNTO DE ACCESO ADICIONAL DE MATERIA--TÉRMINO DE MATERIA
Término de materia o nombre geográfico como elemento de entrada Ontología.
9 (RLIN) 15705
650 #4 - PUNTO DE ACCESO ADICIONAL DE MATERIA--TÉRMINO DE MATERIA
Término de materia o nombre geográfico como elemento de entrada Epistemología.
9 (RLIN) 12338
700 1# - ENTRADA AGREGADA--NOMBRE PERSONAL
Nombre de persona Tedotoff.
9 (RLIN) 109512
700 1# - ENTRADA AGREGADA--NOMBRE PERSONAL
Nombre de persona Oldenbourg, Kaffi.
9 (RLIN) 86691
852 ## - LOCALIZACIÓN
Ubicación ES-MaACL
Número de control de estantería F-15151
Sublocalización o colección R.18817
Holdings
Estatus retirado Estado de pérdida Estado de daño No para préstamo Biblioteca de origen Biblioteca actual Ubicación en estantería Fecha de adquisición Fuente de adquisición Total de préstamos Signatura topográfica completa Código de barras Visto por última vez Precio de reemplazo Tipo de ítem Koha
        Biblioteca del Ateneo de Madrid Biblioteca del Ateneo de Madrid Sala Pecera Planta 2 17/01/2008     F-15151 1068344 23/02/2023 23/02/2023 Libro impreso